| 000 | 00560nam a2200205Ia 4500 | ||
|---|---|---|---|
| 001 | 5441 | ||
| 003 | GE_BSU | ||
| 008 | 181216s||||||||xx |||||||||||||| ||und|| | ||
| 040 | _cGE_BSU | ||
| 080 | _a51(092) | ||
| 100 | _aДальма А. | ||
| 245 | _aЭварист Галуа, революционер и математик. | ||
| 250 | _a2-е изд | ||
| 260 | _aМосква | ||
| 260 | _bНаука | ||
| 260 | _c1964 | ||
| 300 | _a109 с. 20 см. | ||
| 653 | _aварист Галуа, революционер и математик | ||
| 942 | _cBK | ||
| 999 |
_c38979 _d38979 |
||